Factor religioso y sociedad civil en España: el camino hacia la libertad religiosa
Đã lưu trong:
| Tác giả chính: | |
|---|---|
| Định dạng: | Sách |
| Ngôn ngữ: | Tiếng Tây Ban Nha |
| Được phát hành: |
Cádiz
Fundación Universitaria de Jerez
1985
|
| Những chủ đề: | |
| Các nhãn: |
Thêm thẻ
Không có thẻ, Là người đầu tiên thẻ bản ghi này!
|
MARC
| LEADER | 00000nam a2200000 a 4500 | ||
|---|---|---|---|
| 001 | UCV3170 | ||
| 003 | CL-VaPUC | ||
| 008 | 930422e19850000SP |||||||||||||||||spa|d | ||
| 082 | 0 | 4 | |a 261.72 |b IBA |2 21 |
| 100 | |a Ibán, Iván Carlos |e author |9 616425 | ||
| 245 | 1 | 0 | |a Factor religioso y sociedad civil en España: el camino hacia la libertad religiosa |
| 300 | |a 142 p | ||
| 942 | |c BK | ||
| 945 | |d 19930422 00:00:00 | ||
| 260 | |a Cádiz |b Fundación Universitaria de Jerez |c 1985 | ||
| 650 | 0 | |a Libertad religiosa |9 297413 | |
| 651 | 0 | |a España |9 254926 | |
| 583 | |a last modification |c 19930422 00:00:00 |k Rodrigo Vera | ||
| 999 | |c 210482 |d 210480 | ||
| 952 | |0 0 |1 0 |4 0 |6 261_720000000000000_IBA_1985 |7 0 |8 A |9 186766 |a BIBDER |b BIBDER |d 2019-11-14 |i 2543796 |o 261.72 IBA 1985 |p 2543796 |r 2023-01-25 |w 2019-11-14 |y BK |k DER | ||